Governors of Oklahoma - Statistics

General Stats
  • This quiz has been taken 9 times
  • The average score is 18 of 28
Answer Stats
Hint Answer % Correct
2019- Kevin Stitt
100%
2011-2019 Mary Fallin
88%
2003-2011 Brad Henry
75%
1907-1911 Charles N. Haskell
75%
1971-1975 David Hall
75%
1991-1995 David Walters
75%
1995-2003 Frank Keating
75%
1963 George Nigh
75%
1979-1987 George Nigh
75%
1923 Jack C. Walton
75%
1951-1955 Johnston Murray
75%
1931-1935 William H. Murray
75%
1975-1979 David Boren
63%
1967-1971 Dewey F. Bartlett
63%
1935-1939 E. W. Marland
63%
1963-1967 Henry Bellmon
63%
1987-1991 Henry Bellmon
63%
1927-1929 Henry S. Johnston
63%
1959-1963 J. Howard Edmondson
63%
1943-1947 Robert S. Kerr
63%
1939-1943 Leon C. Philipps
50%
1955-1959 Raymond D. Gary
50%
1911-1915 Lee Cruce
38%
1923-1927 Martin E. Trapp
38%
1915-1919 Robert L. Williams
38%
1947-1951 Roy J. Turner
38%
1929-1931 William J. Holloway
38%
1919-1923 James B. A. Robinson
25%
No matching quizzes found
Score Distribution
Percent of People with Each Score
Percentile by Number Answered
Your Score History
You have not taken this quiz